Statystyki dla Państwa z największą ilością zgonów w wyniku trzęsień Ziemi

Kliknij tutaj aby rozwiązać quiz!

Ogólne statystyki

  • Ten quiz został rozwiązany 4 480 razy
  • Średni wynik to 6 z 13

Statystyki odpowiedzi

#Państwo% Poprawnych
21,000Japonia
96%
92,000Chiny
90%
33,000Indie
76%
150,000Indonezja
73%
5,400Tajlandia
55%
88,000Pakistan
46%
28,000Iran
44%
1,700Afganistan
35%
9,200Nepal
35%
130,000Haiti
33%
35,000Sri Lanka
31%
2,300Algieria
14%
1,300Salwador
11%

Rozkład punktacji

Percentyl według liczby udzielonych odpowiedzi

Procent ludzi z każdym wynikiem

Twoja historia wyników

Nie rozwiązałeś tego quizu